After Christianity : Christian survivals in post-Christian culture /

Bibliographic Details
Main Author: Binion, Rudolph, 1927-
Format: Book
Language:English
Published: Durango, Colo. : Logbridge-Rhodes, [1986]
Subjects:

MARC

Tag First Indicator Second Indicator Subfields
LEADER 00000cam a2200000 a 4500
001 in00000015940
005 20151007052635.0
008 860224s1986 cou b 00110 eng
010 |a  86002872  
020 |a 0937406414 :  |c $18.00 
020 |a 0937406406 (pbk.) :  |c $6.50 
020 |a 0937406422 (lim. ed.) :  |c $36.00 
035 |a (OCoLC)13331940 
035 |9 AAA8623AM 
040 |a DLC  |c DLC  |d m/c  |d TXA  |d UtOrBLW 
049 |a TXAM  |c [A11056663] 
050 0 0 |a BT902  |b .B56 1986 
082 0 |a 209/.04  |2 19 
100 1 |a Binion, Rudolph,  |d 1927- 
245 1 0 |a After Christianity :  |b Christian survivals in post-Christian culture /  |c Rudolph Binion. 
264 1 |a Durango, Colo. :  |b Logbridge-Rhodes,  |c [1986] 
264 4 |c ©1986 
300 |a 136 pages ;  |c 24 cm. 
336 |a text  |b txt  |2 rdacontent 
337 |a unmediated  |b n  |2 rdamedia 
338 |a volume  |b nc  |2 rdacarrier 
504 |a Includes bibliographies and index. 
650 0 |a Future life  |x Christianity  |x History of doctrines. 
650 0 |a Sin, Original  |x History of doctrines. 
650 0 |a Truth  |x Religious aspects  |x Christianity  |x History of doctrines. 
650 0 |a Secularization (Theology)  |x History of doctrines. 
650 0 |a Civilization, Modern. 
650 0 |a Religion in literature. 
650 0 |a Literature, Modern  |x History and criticism. 
999 |a MARS 
999 f f |s d8b90120-2427-3b5b-a6c2-539ad8fa2c6b  |i b9719eec-409e-39d2-851c-7c065c173592  |t 0 
952 f f |p ric  |a Texas A&M University  |b Rellis Campus  |c Joint Library Facility  |d Remote Storage  |t 0  |e BT902 .B56 1986  |h Library of Congress classification  |i unmediated -- volume  |m A14811056663 
998 f f |a BT902 .B56 1986  |t 0  |l Remote Storage